El desorden que dejas /

Shranjeno v:
Bibliografske podrobnosti
Glavni avtor: Montero, Carlos (autor)
Format: Knjiga
Jezik:španščina
Izdano: Barcelona, España : Espasa, 2020, c2020
Serija:(Booket Espasa. Novela) [s.n.]
Teme:
Oznake: Označite
Brez oznak, prvi označite!

MARC

LEADER 00000nam^a2200000^a^4500
001 000432251
005 20250521000000.0
009 20260310123010.732
020 |a 978-84-670-6110-9 
037 |a Acervo ITESO - Biblioteca 
041 |a ESP 
082 |a 863.  |b MON 
100 |a Montero, Carlos  |e (autor) 
245 1 3 |a El desorden que dejas /  |c C. Montero. 
264 4 |a Barcelona, España :  |b Espasa,  |c 2020, c2020 
300 |a 403 p. 
336 |a texto  |b txt  |2 rdacontenido 
337 |a sin mediación  |b n  |2 rdamedio 
338 |a volumen  |b nc  |2 rdasoporte 
440 1 |a (Booket Espasa.  |p Novela) [s.n.] 
649 |a XX 
650 |a Novela Española 
650 |a Literatura Española -  |y Siglo XXI 
650 |a Literatura Policíaca y de Misterio -  |z España 
910 |a Fondo General 
920 |a Impresos - Libros 
930 |a Colección General 
940 |a Literatura 
905 |a 101 
901 |a 0500340580  |b IT1  |c LIT  |i C174315  |u 20250521 
902 |a https://opac.biblio.iteso.mx/vufind/Record/000432251